The Colors of Flags of 4 Countries (Colour-in SVG) - Statistics

General Stats
  • This quiz has been taken 3,522 times
  • The average score is 9 of 11
Answers on the Map
Answers color-coded by a green-red scale on the quiz's map according to % correct below.
 
Answer Stats
Section Colour % Correct
Stars and outside of Union Jack White
98%
Background Blue
97%
Inside of Union Jack Red
97%
Top and bottom triangles Green
91%
Diagonal stripes Yellow
91%
Side triangles Black
89%
Moon and star White
79%
Background Red
78%
Top stripe Yellow
78%
Middle stripe Green
75%
Bottom stripe Red
74%
No matching quizzes found
Score Distribution
Percent of People with Each Score
Percentile by Number Answered
Your Score History
You have not taken this quiz